Koncentrácia v odvetví vydávania tlačených novín a časopisov

Úroveň koncentrácie v Slovenskej republike v odvetví vydávania tlačených novín a časopisov. Skúmanie koncentrácie prostredníctvom údajov o objeme predaných výtlačkov denníkov a časopisov s použitím ukazovateľov Herfindahl-Hirschmanov index (HHI) a index miery koncentrácie (CR). Definovanie konkurenč...

Celý popis

Uložené v:
Podrobná bibliografia
Hlavný autor: Tóth, Miroslav, 1961-
Ďalší autori: Tóthová, Alena, 1968-
Médium: Kapitola
Jazyk:Slovak
Predmet:
Tagy: Pridať tag
Žiadne tagy, Buďte prvý, kto otaguje tento záznam!

MARC

LEADER 00000naa$a2200000$$$4500
001 0282715
005 20240502083909.2
041 0 |a slo 
044 |a CZ 
245 1 0 |a Koncentrácia v odvetví vydávania tlačených novín a časopisov  |c Miroslav Tóth, Alena Tóthová 
520 |a Úroveň koncentrácie v Slovenskej republike v odvetví vydávania tlačených novín a časopisov. Skúmanie koncentrácie prostredníctvom údajov o objeme predaných výtlačkov denníkov a časopisov s použitím ukazovateľov Herfindahl-Hirschmanov index (HHI) a index miery koncentrácie (CR). Definovanie konkurenčného prostredia a relevatného trhu. 
610 2 0 |a noviny 
610 2 0 |a časopisy 
610 2 0 |a vydavateľstvá 
610 2 0 |a trh relevantný 
610 2 0 |a konkurencia 
610 2 0 |a Slovensko 
100 1 |a Tóth, Miroslav, 1961- 
700 1 |a Tóthová, Alena, 1968-